| 000 | 00725nam a22002657a 4500 | ||
|---|---|---|---|
| 003 | BUBTL | ||
| 008 | 130720b xxu||||| |||| 00| 0 eng d | ||
| 020 | _a978-81-317-2461-3 | ||
| 024 | _cAvailable | ||
| 037 | _cAvailable | ||
| 040 |
_aMBSTU LIBRARY _dMBSTU LIBRARY |
||
| 082 | _a005.1SOS | ||
| 100 |
_aSommerville, Ian. _92936 |
||
| 245 |
_aSoftware Engineering / _cIan Sommerville |
||
| 250 | _a9th ed. | ||
| 260 |
_aDelhi : _bPearson Education, _cc2007. |
||
| 270 |
_a Delhi _b Delhi _dIndia |
||
| 300 |
_a700 p. : _c25 cm. |
||
| 365 |
_b670.00 _d670.00 |
||
| 440 |
_aThe I series. _94038 |
||
| 650 | _2Software engineering. | ||
| 856 |
_k0 _l0 _yDownload |
||
| 942 |
_2ddc _cBK |
||
| 999 |
_c582 _d582 |
||